00457nam a2200157Ia 450000500170000000800410001708200130005810000140007124500190008526000420010430000130014665000190015994200060017895201000018499900150028420250322123221.0240331s9999 xx 000 0 und d bREVa894 aRevathi,K 0aUdalin kathavu aChennaibPanikkudam Pathippagamc2006 a124 p ., aFeminist Poems cL 001040708LaWERCLbWERCLcSSCd2024-03-31l0o 894.811 REVp5977r2024-03-31w2024-03-31yL c1326d1326